000 00444nam a2200181Ia 4500
001 17608
005 20260306171530.0
008 260306s9999||||xx |||||||||||||| ||und||
041 _aESP
082 _a658.1
_bF64
100 _aFlórez Uribe, Juan Antonio
_eAUT
245 0 _aPlan de negocio para pequeñas empresas
260 _c2012
300 _a346 páginas :
_c24 cm.
650 _aGEN
654 _aCAN
942 _cLIB
_dJUS
_fJUS
_2ddc
_n
999 _c17608
_d17608